| 000 | 00387nam a2200145Ia 4500 | ||
|---|---|---|---|
| 008 | 241014s9999||||xx |||||||||||||| ||und|| | ||
| 020 | _a978-0-85404-178-7 | ||
| 060 | _aQV 33 K 2009 | ||
| 100 | _aL.A. King | ||
| 245 | 0 | _aForensic Chemistry of Substance Misuse: A Guide to Drug Control. | |
| 260 |
_bRSC Publishing _c2009 |
||
| 300 | _a249 | ||
| 650 | _aPharmacology | ||
| 942 |
_bDIMC _cBK |
||
| 999 |
_c8457 _d8457 |
||